000 00327nam a2200133Ia 4500
008 240624s9999 xx 000 0 und d
041 _aeng
082 _a174.4 SAG
100 _aSAGE
245 _aSAGE BRIEF GUIDE TO BUSINESS ETHICS
260 _c2012
_aNew Delhi
_bSage
300 _ax, : 391 : p. : cm. ; 22
365 _c
_b32
999 _c27816
_d27816